| 000 | 00723cam a22002055a 4500 | ||
|---|---|---|---|
| 005 | 20180206152647.0 | ||
| 008 | 120319t2006 njua fr 001 0 eng d | ||
| 020 | _a9780131976696 | ||
| 040 |
_aEG-ScBUE _beng _cEG-ScBUE _dEG-ScBUE |
||
| 082 | 0 | 4 |
_222 _a660.283 _bJOH |
| 100 | 1 |
_929413 _aJohnson, Curtis D., _d1939- |
|
| 245 | 1 | 0 |
_aProcess control instrumentation technology / _cCurtis D. Johnson. |
| 250 | _a8th ed., Pearson international ed. | ||
| 260 |
_aUpper Saddle River : _bPrentice Hall, _cc.2006. |
||
| 300 |
_axiv, 694 p. : _bill. ; _c25 cm. |
||
| 500 | _aIndex : p. 687-694. | ||
| 650 | 7 |
_911421 _aChemical process control. _2BUEsh |
|
| 653 |
_bGGEN _bENGCHE _cMarch2012 _cJanuary2018 _cFebruary2018 |
||
| 942 |
_2ddc _cBB |
||
| 999 |
_c16592 _d16592 |
||